[Event "7th EuropCh Men"]
[Site "Kusadasi / Turkey"]
[Date "2006.04.05"]
[Round "2"]
[White "Winants, Luc"]
[Black "Minasian, Artashes"]
[Result "0-1"]
[WhiteElo "2530"]
[BlackElo "2574"]
[PlyCount "74"]
[EventDate "2006.04.04"]
[EventRounds "11"]
[EventCountry "AUT"]

1. d4 c5 2. d5 g6 3. Nc3 d6 4. e4 Bg7 5. f4 a6 6. Nf3 b5 7. e5 Nh6 8. a4 b4 9.
Ne4 O-O 10. Bc4 a5 11. O-O Nd7 12. Bb5 Nb6 13. c4 bxc3 14. bxc3 Bf5 15. Re1
dxe5 16. Bc6 Rc8 17. Qb3 e6 18. c4 Rb8 19. Qa2 exd5 20. cxd5 c4 21. fxe5 Nxd5
22. Bxh6 Bxe4 23. Bxg7 Kxg7 24. Rxe4 Qb6+ 25. Kh1 Qxc6 26. Rxc4 Qb6 27. Rac1
Ne3 28. Rc6 Qb2 29. Qxb2 Rxb2 30. e6 fxe6 31. Rxe6 Nxg2 32. Re7+ Kh6 33. Ne5
Nh4 34. h3 Nf5 35. Ng4+ Kg5 36. Rxh7 Ng3+ 37. Kg1 Ne2+ 0-1

[Event "7th EuropCh Men"]
[Site "Kusadasi / Turkey"]
[Date "2006.04.05"]
[Round "2"]
[White "Czarnota, Pawel"]
[Black "Petrosian, Tigran"]
[Result "1/2-1/2"]
[WhiteElo "2529"]
[BlackElo "2571"]
[PlyCount "44"]
[EventDate "2006.04.04"]
[EventRounds "11"]
[EventCountry "AUT"]

1. e4 c5 2. Nf3 d6 3. d4 cxd4 4. Nxd4 Nf6 5. Nc3 a6 6. Be3 e5 7. Nf3 Qc7 8. a4
b6 9. Nd5 Nxd5 10. Qxd5 Nc6 11. Ng5 Rb8 12. Bc4 Nd8 13. Qd3 Be7 14. Nf3 O-O 15.
O-O Ne6 16. Nd2 Nf4 17. Bxf4 exf4 18. c3 a5 19. Nf3 Bf6 20. Rfd1 Bg4 21. Bb5
Rbd8 22. Rd2 Bxf3 1/2-1/2

[Event "7th EuropCh Men"]
[Site "Kusadasi / Turkey"]
[Date "2006.04.05"]
[Round "2"]
[White "Agrest, Evgenij"]
[Black "Berescu, Alin"]
[Result "0-1"]
[WhiteElo "2570"]
[BlackElo "2461"]
[PlyCount "194"]
[EventDate "2006.04.04"]
[EventRounds "11"]
[EventCountry "AUT"]

1. Nf3 d5 2. d4 Nf6 3. c4 e6 4. Nc3 Bb4 5. Qa4+ Nc6 6. e3 O-O 7. Bd2 dxc4 8.
Bxc4 a6 9. Qc2 Bd6 10. Ne4 Nxe4 11. Qxe4 Qf6 12. Bc3 Qf5 13. Qxf5 exf5 14. O-O
Re8 15. Rfe1 Bd7 16. a3 h6 17. Nd2 Ne7 18. Ba2 Be6 19. Nc4 Rad8 20. Rec1 Bxc4
21. Bxc4 c6 22. g3 Bc7 23. Rd1 Nd5 24. Be1 g6 25. Rac1 Kg7 26. Rd3 Re7 27. Rb3
Bb8 28. Ba5 Bc7 29. Bd2 Bb8 30. Kg2 Ba7 31. Ba5 Rdd7 32. Kf3 Nf6 33. Be1 h5 34.
Bf1 Re8 35. Kg2 Nd5 36. Bd3 Rde7 37. Bd2 Rd7 38. a4 Nf6 39. Be1 Nd5 40. Ra3 Bb8
41. b4 Bd6 42. Rb3 Nc7 43. h3 h4 44. gxh4 f4 45. e4 Be7 46. h5 Ne6 47. hxg6 f3+
48. Kg3 Nxd4 49. Bc3 Kxg6 50. Bxd4 Rxd4 51. b5 cxb5 52. axb5 a5 53. Bb1 a4 54.
Rxf3 Kg7 55. Kg2 Rd2 56. Rc2 Rxc2 57. Bxc2 Ra8 58. Bb1 Ra5 59. Ba2 f6 60. Rf5
a3 61. Rd5 Kf8 62. Kf3 b6 63. h4 Ra7 64. h5 Kg7 65. Kg4 Rc7 66. f4 Kh6 67. Rd2
Bb4 68. Rd4 Bc5 69. Rd8 Be7 70. Re8 Kg7 71. Kf5 Bb4 72. Rg8+ Kh7 73. Rg2 Bc3
74. Rc2 Rc5+ 75. Ke6 Kh6 76. e5 fxe5 77. f5 e4 78. Re2 Re5+ 79. Kd6 Rxf5 80.
Kc6 Ba5 81. Bd5 Re5 82. Re3 Bb4 83. Bf7 Bc5 84. Re2 e3 85. Bc4 Kxh5 86. Ra2 Kg4
87. Be2+ Kf4 88. Rc2 Re4 89. Kd5 Rd4+ 90. Ke6 Rd6+ 91. Kf7 Ke5 92. Bc4 Rd7+ 93.
Kg6 Rd2 94. Rc1 Kd4 95. Kf5 e2 96. Bb3 Rb2 97. Be6 Kd3 0-1

[Event "7th EuropCh Men"]
[Site "Kusadasi / Turkey"]
[Date "2006.04.05"]
[Round "2"]
[White "Mchedlishvili, Mikheil"]
[Black "Kotanjian, Tigran"]
[Result "0-1"]
[WhiteElo "2567"]
[BlackElo "2435"]
[PlyCount "71"]
[EventDate "2006.04.04"]
[EventRounds "11"]
[EventCountry "AUT"]

1. d4 d5 2. Nf3 Nf6 3. c4 c6 4. Qc2 dxc4 5. Qxc4 Bf5 6. g3 e6 7. Bg2 Nbd7 8.
Nc3 Be7 9. Qb3 Qb6 10. Nd2 O-O 11. Nc4 Qa6 12. e4 Bg6 13. Bg5 h6 14. Bh4 Rfe8
15. O-O b5 16. Nd2 e5 17. Bxf6 Bxf6 18. d5 Nc5 19. Qb4 Be7 20. dxc6 Nxe4 21.
Qxb5 Qxb5 22. Nxb5 Nxd2 23. Rfd1 Ne4 24. Rac1 Rec8 25. Rd7 Bg5 26. Re1 f5 27.
Nxa7 Rd8 28. Red1 Be8 29. Rxd8 Bxd8 30. Rd5 Bb6 31. Rxe5 Bxa7 32. c7 Bd7 33.
Rd5 Bc8 34. Rd8+ Kf7 35. Bh3 Ke7 36. Bg2 0-1

[Event "7th EuropCh Men"]
[Site "Kusadasi / Turkey"]
[Date "2006.04.05"]
[Round "2"]
[White "L"]
[Black "Esen, Baris"]
[Result "1-0"]
[WhiteElo "2565"]
[BlackElo "2420"]
[PlyCount "81"]
[EventDate "2006.04.04"]
[EventRounds "11"]
[EventCountry "AUT"]

1. e4 c5 2. Nf3 d6 3. d4 cxd4 4. Nxd4 Nf6 5. f3 Nc6 6. c4 Qb6 7. Nc2 g6 8. Nc3
Bg7 9. Rb1 Ng4 10. Qd2 Bh6 11. Qe2 Bxc1 12. Rxc1 Nf6 13. b3 O-O 14. Qe3 Qa5 15.
Be2 Nb4 16. Nxb4 Qxb4 17. O-O Bd7 18. f4 Bc6 19. e5 Nd7 20. Bg4 e6 21. Bf3 dxe5
22. fxe5 Qc5 23. Rce1 Kg7 24. Bxc6 bxc6 25. Na4 Qxe3+ 26. Rxe3 Rad8 27. h3 Nb6
28. Nc5 Rd2 29. Rf2 Rfd8 30. Kf1 a5 31. Nb7 Rxf2+ 32. Kxf2 Ra8 33. Rd3 Ra7 34.
Nc5 Ra8 35. Rd6 Rc8 36. Ke3 a4 37. Kd4 axb3 38. axb3 h5 39. b4 Kf8 40. Nd7+
Nxd7 41. Rxd7 1-0

[Event "7th EuropCh Men"]
[Site "Kusadasi / Turkey"]
[Date "2006.04.05"]
[Round "2"]
[White "Guliev, Logman"]
[Black "Palac, Mladen"]
[Result "0-1"]
[WhiteElo "2384"]
[BlackElo "2561"]
[PlyCount "124"]
[EventDate "2006.04.04"]
[EventRounds "11"]
[EventCountry "AUT"]

1. e4 c5 2. Nf3 d6 3. d4 cxd4 4. Nxd4 Nf6 5. Nc3 a6 6. Be3 e5 7. Nf3 Be7 8. Bc4
O-O 9. O-O Be6 10. Bb3 Re8 11. Bg5 Nbd7 12. Qe2 Rc8 13. Rfd1 Qc7 14. Ne1 Bc4
15. Bxc4 Qxc4 16. Qxc4 Rxc4 17. f3 g6 18. Rd3 Rec8 19. Rad1 Kg7 20. g3 h6 21.
Bxf6+ Nxf6 22. Ng2 Rb4 23. b3 Bd8 24. Kf1 Rd4 25. Ne3 b5 26. a3 h5 27. h3 Rc6
28. g4 hxg4 29. hxg4 Rc8 30. Ke1 Ba5 31. b4 Bb6 32. Ned5 Rxd3 33. Rxd3 Bd4 34.
Kd2 Nxd5 35. Nxd5 Kh6 36. f4 Kg7 37. f5 Kh6 38. c3 Ba7 39. Ne7 Rc7 40. Nd5 Rc4
41. Nf6 Bb8 42. fxg6 fxg6 43. Rf3 Kg5 44. Kd3 Rc8 45. Nd5 Kxg4 46. Rf6 g5 47.
Ne3+ Kh5 48. Rf7 Rc7 49. Rf8 Ba7 50. Rh8+ Kg6 51. Nf5 g4 52. Rh6+ Kg5 53. Rxd6
Bf2 54. Ke2 g3 55. Rd3 Kg4 56. Kf1 Rh7 57. Ne3+ Bxe3 58. Rxe3 Rf7+ 59. Kg2 Rf2+
60. Kg1 Rf3 61. Re2 Rxc3 62. Kg2 Rxa3 0-1

[Event "7th EuropCh Men"]
[Site "Kusadasi / Turkey"]
[Date "2006.04.05"]
[Round "2"]
[White "Malakhatko, Vadim"]
[Black "Soltanici, Ruslan"]
[Result "1-0"]
[WhiteElo "2559"]
[BlackElo "2323"]
[PlyCount "85"]
[EventDate "2006.04.04"]
[EventRounds "11"]
[EventCountry "AUT"]

1. d4 Nf6 2. c4 e6 3. Nf3 b6 4. g3 Ba6 5. Nbd2 Bb7 6. Bg2 c5 7. e4 cxd4 8. e5
Ng4 9. O-O Qc7 10. Re1 f5 11. exf6 Nxf6 12. Nxd4 Bxg2 13. Kxg2 Bc5 14. N2b3
Bxd4 15. Qxd4 Nc6 16. Qc3 O-O 17. Bf4 Qb7 18. Kg1 Rac8 19. Rad1 Rf7 20. Nd2 Ne7
21. Qd3 Ng6 22. Bd6 Qc6 23. b3 a6 24. a4 Ng4 25. f3 Nf6 26. Ne4 Nxe4 27. Rxe4
Rf5 28. Kg2 Ra8 29. Rd2 Rc8 30. h4 b5 31. axb5 axb5 32. c5 Rd5 33. Rd4 Rxd4 34.
Qxd4 Nh8 35. Bf4 Ng6 36. Bd6 Nh8 37. b4 Nf7 38. Bf4 Rf8 39. Qxd7 Qa6 40. c6 e5
41. Be3 h6 42. c7 Qb7 43. Rc2 1-0

[Event "7th EuropCh Men"]
[Site "Kusadasi / Turkey"]
[Date "2006.04.05"]
[Round "2"]
[White "Ivanchuk, Vassily"]
[Black "Brkic, Ante"]
[Result "1/2-1/2"]
[WhiteElo "2723"]
[BlackElo "2526"]
[PlyCount "44"]
[EventDate "2006.04.04"]
[EventRounds "11"]
[EventCountry "AUT"]

1. d4 Nf6 2. c4 g6 3. Nc3 d5 4. cxd5 Nxd5 5. Bd2 Bg7 6. e4 Nb6 7. Be3 O-O 8.
Be2 Nc6 9. Nf3 Bg4 10. d5 Bxf3 11. gxf3 Na5 12. Bd4 Qd6 13. Bxg7 Kxg7 14. Rc1
Qf6 15. Nb1 Qxb2 16. Rc2 Qb4+ 17. Nd2 c6 18. Qa1+ Kg8 19. a3 Qa4 20. Bd1 Qb5
21. Be2 Qa4 22. Bd1 Qb5 1/2-1/2

[Event "7th EuropCh Men"]
[Site "Kusadasi / Turkey"]
[Date "2006.04.05"]
[Round "2"]
[White "Zelcic, Robert"]
[Black "Georgiev, Kiril"]
[Result "0-1"]
[WhiteElo "2525"]
[BlackElo "2677"]
[PlyCount "148"]
[EventDate "2006.04.04"]
[EventRounds "11"]
[EventCountry "AUT"]

1. e4 e5 2. Nf3 Nc6 3. d4 exd4 4. Nxd4 Bc5 5. Be3 Qf6 6. c3 Nge7 7. Bc4 Ne5 8.
Be2 Qg6 9. O-O d6 10. Kh1 Qxe4 11. Nd2 Qh4 12. N4f3 Nxf3 13. Nxf3 Qf6 14. Bg5
Qf5 15. Bd3 Qd7 16. Re1 f6 17. Be3 Bb6 18. Bc4 Kd8 19. Bxb6 axb6 20. Nd4 Qg4
21. f3 Qg5 22. Be6 Nc6 23. Bxc8 Kxc8 24. Ne6 Qg6 25. b4 Re8 26. Nf4 Rxe1+ 27.
Qxe1 Qf7 28. Qd2 Ne5 29. Nd5 b5 30. Re1 g5 31. Re2 Ra3 32. h3 Kb8 33. Kh2 b6
34. Ne3 Kb7 35. Qb2 Ra8 36. Qb1 Qg6 37. Nf5 Ra3 38. Qc1 Ra8 39. Qc2 Qf7 40.
Qe4+ Kb8 41. Nd4 Rxa2 42. Rxa2 Qxa2 43. Qxh7 Qc4 44. f4 gxf4 45. Qh8+ Kb7 46.
Qxf6 Qxc3 47. Qxf4 Qxb4 48. Qe4+ Kc8 49. Qf5+ Kb7 50. Qe4+ Kc8 51. Qf5+ Nd7 52.
Nc6 Qc3 53. Qe4 Ne5 54. Na7+ Kb8 55. Nxb5 Qc5 56. Nd4 Qc4 57. Qf4 b5 58. h4 Kb7
59. Kg3 b4 60. h5 b3 61. Qe4+ Nc6 62. Qf3 Qxd4 63. Qxb3+ Ka7 64. Qa3+ Kb6 65.
Qb3+ Kc5 66. Qc2+ Kd5 67. Qb3+ Ke5 68. Qf7 Qe3+ 69. Kg4 Qe4+ 70. Kg3 Nd4 71.
Qe7+ Ne6 72. Qe8 Qf4+ 73. Kh3 c5 74. g3 Qf5+ 0-1

[Event "7th EuropCh Men"]
[Site "Kusadasi / Turkey"]
[Date "2006.04.05"]
[Round "2"]
[White "Kurnosov, Igor"]
[Black "Moiseenko, Alexander"]
[Result "1/2-1/2"]
[WhiteElo "2526"]
[BlackElo "2662"]
[PlyCount "73"]
[EventDate "2006.04.04"]
[EventRounds "11"]
[EventCountry "AUT"]

1. e4 c5 2. Nf3 Nc6 3. Nc3 e5 4. Bc4 Be7 5. O-O d6 6. d3 Nf6 7. Ng5 O-O 8. f4
Bg4 9. Qd2 exf4 10. Qxf4 Ne5 11. h3 Bh5 12. Bd5 Qd7 13. Qg3 Rae8 14. Bf4 b5 15.
Bb3 h6 16. Bxe5 dxe5 17. Nf3 c4 18. dxc4 Bxf3 19. Qxf3 bxc4 20. Rad1 Qc7 21.
Ba4 Rd8 22. Kh1 Rxd1 23. Rxd1 Rd8 24. Rxd8+ Qxd8 25. Bc6 Qd2 26. Qd1 Qf2 27.
Nd5 Bc5 28. Nxf6+ Qxf6 29. Bd5 c3 30. bxc3 Qf4 31. Qf3 Qc1+ 32. Kh2 Bg1+ 33.
Kg3 Qg5+ 34. Qg4 Qe3+ 35. Qf3 Qg5+ 36. Qg4 Qe3+ 37. Qf3 1/2-1/2

[Event "7th EuropCh Men"]
[Site "Kusadasi / Turkey"]
[Date "2006.04.05"]
[Round "2"]
[White "Fressinet, Laurent"]
[Black "Perez Candelario, Manuel"]
[Result "1/2-1/2"]
[WhiteElo "2633"]
[BlackElo "2511"]
[PlyCount "89"]
[EventDate "2006.04.04"]
[EventRounds "11"]
[EventCountry "AUT"]

1. d4 d5 2. c4 e6 3. Nc3 Nf6 4. Nf3 dxc4 5. Qa4+ c6 6. Qxc4 b5 7. Qd3 Bb7 8. e4
b4 9. Na4 Nbd7 10. e5 Nd5 11. Be2 Be7 12. O-O h6 13. Bd2 N5b6 14. Nxb6 axb6 15.
Qe4 Ra7 16. Qg4 Kf8 17. Rfc1 Qa8 18. d5 cxd5 19. Bxb4 Nc5 20. a3 Ba6 21. Bxa6
Rxa6 22. Nd4 g6 23. Rc3 Kg7 24. h4 h5 25. Qf4 Qe8 26. Re1 Ra8 27. Ree3 Rc8 28.
Rf3 Rf8 29. Rc1 Qd7 30. b3 Rc7 31. Bd2 Bd8 32. Qh6+ Kg8 33. Rf6 Re8 34. Bb4 Be7
35. Bxc5 Rxc5 36. Rxg6+ fxg6 37. Qxg6+ Kh8 38. Qh6+ Kg8 39. Qg6+ Kh8 40. Qxh5+
Kg7 41. Qg4+ Kf7 42. Qf4+ Kg8 43. Qg4+ Kf7 44. Qh5+ Kg7 45. Qg4+ 1/2-1/2

[Event "7th EuropCh Men"]
[Site "Kusadasi / Turkey"]
[Date "2006.04.05"]
[Round "2"]
[White "Galkin, Alexander"]
[Black "Aroshidze, Levan"]
[Result "1-0"]
[WhiteElo "2618"]
[BlackElo "2492"]
[PlyCount "79"]
[EventDate "2006.04.04"]
[EventRounds "11"]
[EventCountry "AUT"]

1. e4 c5 2. Nf3 d6 3. d4 cxd4 4. Nxd4 Nf6 5. Nc3 a6 6. Be2 e6 7. f4 Be7 8. O-O
O-O 9. a4 Nc6 10. Be3 Qc7 11. Kh1 Re8 12. Bf3 Bd7 13. Nb3 b6 14. g4 Bc8 15. g5
Nd7 16. Bg2 Rb8 17. Rf3 Nb4 18. Rh3 Nf8 19. Nd4 g6 20. Nde2 e5 21. Rg3 Be6 22.
Rc1 Rbd8 23. Qg1 Nd7 24. Qf2 exf4 25. Nxf4 Bf8 26. Rf1 Nc5 27. Bd4 Bc4 28. Nfd5
Nxd5 29. Nxd5 Bxd5 30. Qf6 Re5 31. Bxe5 dxe5 32. exd5 Bg7 33. Qc6 Qb8 34. b4
Rd6 35. bxc5 Rxc6 36. dxc6 bxc5 37. Rb3 Qd6 38. Rd3 Qe7 39. Rd7 Qe8 40. Bd5 1-0

[Event "7th EuropCh Men"]
[Site "Kusadasi / Turkey"]
[Date "2006.04.05"]
[Round "2"]
[White "Iskusnyh, Sergei"]
[Black "Fedorov, Alexei"]
[Result "1/2-1/2"]
[WhiteElo "2510"]
[BlackElo "2614"]
[PlyCount "117"]
[EventDate "2006.04.04"]
[EventRounds "11"]
[EventCountry "AUT"]

1. d4 Nf6 2. c4 g6 3. Nc3 Bg7 4. e4 d6 5. Bd3 O-O 6. Nge2 Nc6 7. O-O Nh5 8. Bc2
e5 9. d5 Ne7 10. a4 a5 11. Ra3 Kh8 12. Kh1 Ng8 13. Nb5 b6 14. f3 Bh6 15. Bxh6
Nxh6 16. Qd2 Ng8 17. f4 exf4 18. Nxf4 Nxf4 19. Qxf4 Qe7 20. Re3 Ba6 21. e5 Rae8
22. Rfe1 Bxb5 23. cxb5 dxe5 24. Rxe5 Qf6 25. g3 Rxe5 26. Qxe5 Qxe5 27. Rxe5 Rd8
28. Bb3 Kg7 29. Re3 Nf6 30. Rc3 Ne8 31. Kg2 Rd7 32. Kf3 Re7 33. g4 Nd6 34. Bc2
Kf8 35. g5 Kg7 36. h4 h6 37. Bd3 hxg5 38. hxg5 Nb7 39. Rc6 Rd7 40. Ke3 Kf8 41.
Kd4 Nd8 42. Rf6 Ne6+ 43. Ke5 Nxg5 44. Bxg6 Kg7 45. Bh5 Re7+ 46. Kf5 Ne4 47.
Rxf7+ Rxf7+ 48. Bxf7 Nc5 49. d6 cxd6 50. Bd5 Kf8 51. b3 Ke7 52. Bc4 Nd7 53. Ke4
Nf6+ 54. Kd4 Kd8 55. Be6 Kc7 56. Kc4 Ne4 57. Kd4 Nc5 58. Bf7 Kd8 59. Bg8
1/2-1/2

[Event "7th EuropCh Men"]
[Site "Kusadasi / Turkey"]
[Date "2006.04.05"]
[Round "2"]
[White "Itkis, Boris"]
[Black "Socko, Bartosz"]
[Result "1/2-1/2"]
[WhiteElo "2490"]
[BlackElo "2606"]
[PlyCount "26"]
[EventDate "2006.04.04"]
[EventRounds "11"]
[EventCountry "AUT"]

1. d4 Nf6 2. Nf3 e6 3. c4 Bb4+ 4. Bd2 c5 5. Bxb4 cxb4 6. e3 O-O 7. a3 Qa5 8.
Nbd2 d6 9. Be2 Nc6 10. O-O e5 11. d5 Nb8 12. axb4 Qxb4 13. Qa4 Qxa4 1/2-1/2

[Event "7th EuropCh Men"]
[Site "Kusadasi / Turkey"]
[Date "2006.04.05"]
[Round "2"]
[White "Belov, Vladimir"]
[Black "Williams, Simon"]
[Result "1-0"]
[WhiteElo "2599"]
[BlackElo "2478"]
[PlyCount "115"]
[EventDate "2006.04.04"]
[EventRounds "11"]
[EventCountry "AUT"]

1. d4 e6 2. c4 f5 3. Nf3 Nf6 4. g3 Be7 5. Bg2 O-O 6. O-O d6 7. b3 Ne4 8. Bb2
Nd7 9. Nbd2 Ndf6 10. Ne1 Qe8 11. Nxe4 fxe4 12. f3 Qh5 13. fxe4 e5 14. e3 Bg4
15. Qd2 Bh3 16. Nd3 Ng4 17. Bxh3 Qxh3 18. dxe5 dxe5 19. Nxe5 Rad8 20. Qe2 Nxh2
21. Rxf8+ Kxf8 22. Qf2+ Bf6 23. Bd4 c5 24. Bxc5+ Kg8 25. Qxh2 Qe6 26. Bd4 Bxe5
27. Rf1 Bxd4 28. exd4 Rxd4 29. Qf2 Rd8 30. Qxa7 Qxe4 31. Qf2 h6 32. Qf3 Qg6 33.
Kg2 Rd3 34. Qf8+ Kh7 35. Qf4 Rc3 36. Rf2 h5 37. Kh2 b6 38. Re2 Kh8 39. Qb8+ Kh7
40. Qf4 Kh8 41. Re5 Kg8 42. Rf5 Rc2+ 43. Kh3 Rxa2 44. Qe4 Qg4+ 45. Qxg4 hxg4+
46. Kxg4 Re2 47. Kf4 Re6 48. g4 Kh7 49. Re5 Rg6 50. Kf5 Rf6+ 51. Ke4 Rg6 52. g5
Rd6 53. b4 Kg6 54. Rd5 Re6+ 55. Kd4 Kh5 56. c5 bxc5+ 57. Kxc5 Re1 58. b5 1-0

[Event "7th EuropCh Men"]
[Site "Kusadasi / Turkey"]
[Date "2006.04.05"]
[Round "2"]
[White "Weiss, Christian"]
[Black "Nevednichy, Vladislav"]
[Result "1/2-1/2"]
[WhiteElo "2437"]
[BlackElo "2582"]
[PlyCount "71"]
[EventDate "2006.04.04"]
[EventRounds "11"]
[EventCountry "AUT"]

1. c4 e5 2. Nc3 Bb4 3. Nd5 Be7 4. e3 Nf6 5. Nxe7 Qxe7 6. Ne2 O-O 7. Nc3 c5 8.
d3 d6 9. Be2 Nc6 10. O-O Be6 11. e4 a6 12. f4 exf4 13. Bxf4 Nd7 14. Qd2 Nde5
15. h3 Rab8 16. Rae1 b5 17. b3 Qc7 18. Nd5 Bxd5 19. exd5 Nd4 20. Be3 a5 21. Bd1
Qa7 22. Rf4 Rfe8 23. Ref1 a4 24. Bxd4 cxd4 25. cxb5 Rxb5 26. bxa4 Rc5 27. Qf2
Rc3 28. Qxd4 Qxd4+ 29. Rxd4 Nxd3 30. Bb3 Nc5 31. Rc4 Rd3 32. Rcf4 f6 33. R4f3
Rd4 34. Rf4 Rd3 35. R4f3 Rd4 36. Rf4 1/2-1/2

[Event "7th EuropCh Men"]
[Site "Kusadasi / Turkey"]
[Date "2006.04.05"]
[Round "2"]
[White "Steingrimsson, Hedinn"]
[Black "Stefansson, Hannes"]
[Result "1/2-1/2"]
[WhiteElo "2447"]
[BlackElo "2579"]
[PlyCount "43"]
[EventDate "2006.04.04"]
[EventRounds "11"]
[EventCountry "AUT"]

1. d4 Nf6 2. c4 e6 3. Nc3 Bb4 4. Qc2 O-O 5. a3 Bxc3+ 6. Qxc3 b6 7. Bg5 Bb7 8.
Nf3 d6 9. Nd2 Nbd7 10. f3 d5 11. e3 c5 12. cxd5 exd5 13. Bd3 Re8 14. O-O h6 15.
Bh4 Qc8 16. Rfe1 Qc6 17. a4 Qe6 18. Rac1 Rac8 19. Bf2 Nb8 20. dxc5 bxc5 21. b4
cxb4 22. Qxb4 1/2-1/2

[Event "7th EuropCh Men"]
[Site "Kusadasi / Turkey"]
[Date "2006.04.05"]
[Round "2"]
[White "Balogh, Csaba"]
[Black "Erdogdu, Mert"]
[Result "1-0"]
[WhiteElo "2576"]
[BlackElo "2373"]
[PlyCount "99"]
[EventDate "2006.04.04"]
[EventRounds "11"]
[EventCountry "AUT"]

1. e4 c5 2. Nf3 Nc6 3. Bb5 g6 4. Bxc6 dxc6 5. d3 Bg7 6. h3 Nf6 7. Nc3 Nd7 8.
Be3 e5 9. Qd2 Qe7 10. Bh6 f6 11. Bxg7 Qxg7 12. a3 O-O 13. O-O Rf7 14. b4 b5 15.
Ne2 a5 16. c4 Ba6 17. cxb5 Bxb5 18. bxa5 Qf8 19. a4 Ba6 20. Qc3 Qd6 21. Ra3 Nf8
22. Nd2 Ne6 23. Rb1 Rd7 24. Nc1 Kg7 25. Rab3 Nf4 26. Nc4 Bxc4 27. Qxc4 Rxa5 28.
Rb7 Ra7 29. Rxd7+ Qxd7 30. Rb8 Qf7 31. Qc2 c4 32. dxc4 Qd7 33. Kh2 c5 34. Rb5
Ne6 35. Qd3 Qe7 36. a5 Nd4 37. Nb3 Nxb5 38. cxb5 c4 39. Qxc4 Rc7 40. Qd5 Rd7
41. Qc5 Qf7 42. Qc3 Rd1 43. b6 Rb1 44. Nc5 Qa2 45. Qd3 Qa1 46. Ne6+ Kh6 47.
Qd2+ g5 48. Qd7 Rh1+ 49. Kg3 Rxh3+ 50. Kxh3 1-0

[Event "7th EuropCh Men"]
[Site "Kusadasi / Turkey"]
[Date "2006.04.05"]
[Round "2"]
[White "Erturan, Yakup"]
[Black "Predojevic, Borki"]
[Result "1/2-1/2"]
[WhiteElo "2332"]
[BlackElo "2566"]
[PlyCount "127"]
[EventDate "2006.04.04"]
[EventRounds "11"]
[EventCountry "AUT"]

1. e4 c5 2. Nf3 d6 3. c3 Nf6 4. h3 Nc6 5. Bd3 d5 6. e5 Nd7 7. Qe2 e6 8. O-O g5
9. Bb5 h5 10. d3 Be7 11. g4 Nf8 12. gxh5 Bd7 13. Nh2 Qa5 14. Bxc6 Bxc6 15. Qg4
d4 16. Bxg5 Bxg5 17. Qxg5 Qd8 18. Qxd8+ Rxd8 19. Ng4 Ke7 20. h6 Ng6 21. c4 Nf4
22. Kh2 Rdg8 23. f3 Nxd3 24. b3 Rg5 25. f4 Rgg8 26. Nd2 Rxh6 27. Kg3 Rh5 28.
Nf3 Nb4 29. Ng5 Nc2 30. Rac1 d3 31. Rcd1 Rd8 32. Rd2 Nd4 33. Kf2 Nf5 34. Ne3
Rd4 35. Nxf5+ exf5 36. Ke3 Be4 37. Rg1 Rh8 38. Rg3 a6 39. a4 Rh6 40. Rg1 Rb6
41. Rb1 Rxc4 42. bxc4 Rxb1 43. Nxe4 Re1+ 44. Kxd3 fxe4+ 45. Kc2 Rf1 46. Rd5
Rxf4 47. Rxc5 Rf3 48. h4 Ke6 49. Kd2 Rd3+ 50. Ke2 b6 51. Rc7 Rf3 52. c5 bxc5
53. Rxc5 Ra3 54. h5 Rxa4 55. Ke3 Kf5 56. e6+ Kxe6 57. h6 f5 58. h7 Ra3+ 59. Kf4
Rh3 60. Re5+ Kd6 61. Rxf5 e3 62. h8=Q Rxh8 63. Kxe3 a5 64. Rxa5 1/2-1/2

[Event "7th EuropCh Men"]
[Site "Kusadasi / Turkey"]
[Date "2006.04.05"]
[Round "2"]
[White "Nyback, Tomi"]
[Black "Zueger, Beat"]
[Result "1-0"]
[WhiteElo "2563"]
[BlackElo "2433"]
[PlyCount "59"]
[EventDate "2006.04.04"]
[EventRounds "11"]
[EventCountry "AUT"]

1. Nf3 d6 2. d4 g6 3. c4 Bg7 4. e4 Bg4 5. Be2 Nc6 6. Be3 e5 7. d5 Bxf3 8. Bxf3
Nd4 9. Bxd4 exd4 10. Nd2 Nf6 11. O-O O-O 12. Nb3 Nd7 13. Rb1 Qf6 14. Bg4 Ne5
15. Be2 Qf4 16. Qc2 d3 17. Bxd3 f5 18. exf5 Nf3+ 19. gxf3 Be5 20. Rfe1 Qxh2+
21. Kf1 Rae8 22. Re3 Bg3 23. Re6 Qh3+ 24. Ke2 Bxf2 25. Kxf2 Qh2+ 26. Ke1 Qg1+
27. Kd2 Qg5+ 28. Kc3 Rxe6 29. dxe6 Qf6+ 30. Kb4 1-0

[Event "7th EuropCh Men"]
[Site "Kusadasi / Turkey"]
[Date "2006.04.05"]
[Round "2"]
[White "Kempinski, Robert"]
[Black "Safarli, Eltaj"]
[Result "1-0"]
[WhiteElo "2586"]
[BlackElo "2417"]
[PlyCount "123"]
[EventDate "2006.04.04"]
[EventRounds "11"]
[EventCountry "AUT"]

1. d4 Nf6 2. c4 e6 3. Nf3 b6 4. g3 Ba6 5. b3 Bb7 6. Bg2 Bb4+ 7. Bd2 a5 8. O-O
O-O 9. Nc3 d6 10. Qc2 Nbd7 11. Rfd1 Bxc3 12. Bxc3 Be4 13. Qb2 c6 14. Bf1 b5 15.
Nh4 d5 16. f3 Bg6 17. Nxg6 hxg6 18. cxb5 cxb5 19. e3 Qb6 20. Be1 Rfe8 21. Bf2
b4 22. Rac1 g5 23. g4 Rec8 24. Rc2 Ne8 25. Rdc1 Nd6 26. Rxc8+ Rxc8 27. Rxc8+
Nxc8 28. Qc1 Ne7 29. Bg3 Nc6 30. Kg2 g6 31. a4 bxa3 32. Qxa3 Nb4 33. Qa4 Nc2
34. Kf2 Nf8 35. Qb5 Qd8 36. Be2 Nd7 37. Qc6 Nb4 38. Qc7 Qxc7 39. Bxc7 Nc6 40.
Bb5 Ndb8 41. Ke2 Na7 42. Ba4 Nbc6 43. Kd2 Kf8 44. Kc3 Ke7 45. f4 f6 46. fxg5
fxg5 47. h3 Kf7 48. Kb2 Kf8 49. Ka3 Ke7 50. Bxc6 Nxc6 51. Ka4 Nb4 52. Bg3 Nc2
53. Bf2 Kd7 54. Kxa5 Kc6 55. Ka4 Kb6 56. b4 Na1 57. Ka3 Kb5 58. Kb2 Kxb4 59.
Kxa1 Kc3 60. h4 gxh4 61. Bxh4 Kd3 62. Bg5 1-0

[Event "7th EuropCh Men"]
[Site "Kusadasi / Turkey"]
[Date "2006.04.05"]
[Round "2"]
[White "Van Den Doel, Erik"]
[Black "Seeman, Tarvo"]
[Result "1-0"]
[WhiteElo "2579"]
[BlackElo "2412"]
[PlyCount "53"]
[EventDate "2006.04.04"]
[EventRounds "11"]
[EventCountry "AUT"]

1. e4 c5 2. Nf3 Nc6 3. d4 cxd4 4. Nxd4 Qb6 5. Nb3 Nf6 6. Nc3 e6 7. Qe2 Qc7 8.
g4 h6 9. Bd2 d6 10. Bg2 b6 11. h4 Ne5 12. g5 hxg5 13. hxg5 Rxh1+ 14. Bxh1 Nfd7
15. O-O-O Nc4 16. g6 fxg6 17. Qg4 Nde5 18. Qg3 Nxd2 19. Nxd2 Qd7 20. f4 Nc6 21.
Bg2 Bb7 22. Nc4 e5 23. Nb5 exf4 24. Qa3 Qe6 25. Ncxd6+ Bxd6 26. Qxd6 Bc8 27. e5
1-0

[Event "7th EuropCh Men"]
[Site "Kusadasi / Turkey"]
[Date "2006.04.05"]
[Round "2"]
[White "Postny, Evgeny"]
[Black "Saric, Ivan"]
[Result "1-0"]
[WhiteElo "2572"]
[BlackElo "2393"]
[PlyCount "103"]
[EventDate "2006.04.04"]
[EventRounds "11"]
[EventCountry "AUT"]

1. d4 Nf6 2. c4 g6 3. Nc3 Bg7 4. e4 d6 5. f3 O-O 6. Be3 c5 7. d5 e6 8. Qd2 exd5
9. cxd5 a6 10. a4 Re8 11. Nge2 Nbd7 12. Nd1 Ne5 13. Nec3 Nh5 14. Be2 f5 15. O-O
Nf7 16. exf5 gxf5 17. f4 Nf6 18. Kh1 Bd7 19. Bg1 b5 20. axb5 axb5 21. Rxa8 Qxa8
22. Nxb5 Qxd5 23. Qc2 Qb7 24. Nbc3 Bc6 25. Bd3 Ne4 26. Ne3 Nh6 27. Nc4 Bxc3 28.
bxc3 Ng4 29. Rf3 Qg7 30. Bf1 Re6 31. Na5 Bd5 32. Qd3 Ba8 33. Qa6 Re8 34. Nc4
Kh8 35. Nxd6 Nxd6 36. Qxd6 Bxf3 37. gxf3 Ne3 38. Qxc5 Nc2 39. Qxf5 Rg8 40. Bf2
Qb7 41. Qe4 Qb2 42. Qe5+ Rg7 43. Qe8+ Rg8 44. Qe5+ Rg7 45. c4 Qc1 46. Qb8+ Rg8
47. Qe5+ Rg7 48. Qe8+ Rg8 49. Qe2 h6 50. f5 Qf4 51. Bg3 Qxf5 52. Qe5+ 1-0

[Event "7th EuropCh Men"]
[Site "Kusadasi / Turkey"]
[Date "2006.04.05"]
[Round "2"]
[White "Vuilleumier, Alex"]
[Black "Sedlak, Nikola"]
[Result "0-1"]
[WhiteElo "2354"]
[BlackElo "2564"]
[PlyCount "114"]
[EventDate "2006.04.04"]
[EventRounds "11"]
[EventCountry "AUT"]

1. e4 c5 2. Nf3 d6 3. Bb5+ Nd7 4. d4 Ngf6 5. Nc3 a6 6. Bxd7+ Nxd7 7. O-O cxd4
8. Qxd4 e6 9. Bg5 Qc7 10. Rad1 f6 11. Bh4 Ne5 12. Nd2 g5 13. Bg3 Be7 14. Bxe5
dxe5 15. Qc4 Bd6 16. a4 Bd7 17. Qb3 Rc8 18. a5 Ke7 19. Rfe1 Bc5 20. Na4 Bd4 21.
c3 Qxa5 22. cxd4 Qxa4 23. Qh3 Qxd4 24. Qh6 Rcg8 25. Qh3 Qb4 26. Re3 Bc6 27. Rb3
Qd4 28. Rd3 Qxb2 29. Nc4 Qe2 30. Nb6 g4 31. Qh6 Qxe4 32. Rd7+ Bxd7 33. Rxd7+
Ke8 34. Qc1 Qc6 35. Qa3 Qxd7 36. Nxd7 Kxd7 37. Qa4+ Kc7 38. Qc4+ Kb8 39. Qxe6
Rg6 40. Qd6+ Ka8 41. Qd7 h5 42. Qf7 Rgh6 43. Qg7 e4 44. Kf1 f5 45. g3 h4 46.
Ke2 hxg3 47. hxg3 Rh2 48. Qf7 Rc8 49. Qxf5 Rc2+ 50. Ke3 Rhxf2 51. Qxg4 Rf3+ 52.
Kd4 Rd3+ 53. Ke5 e3 54. Qf3 e2 55. Qf8+ Ka7 56. Qf2+ Kb8 57. Ke4 Rd1 0-1